Statistics for Language by Wikipedia Excerpt

Click here to take the quiz!

General Stats

  • This quiz has been taken 24 times
  • The average score is 6 of 15

Answer Stats

Hint Answer % Correct
Németország vagy hivatalosan nevén Németországi Szövetségi Köztársaság, egy szövetségi köztársaság Közép-Európában.Hungarian
78%
Gweriniaeth Ffederal yr Almaen neu'r Almaen.Welsh
72%
Saksamaa (ametlik nimi Saksamaa Liitvabariik) on föderaalne vabariik Kesk-Euroopas.Estonian
67%
Saksan liittotasavalta eli Saksa on 82,2 miljoonalla asukkaallaan Keski-Euroopan runsasväkisin valtio ja yksi maailman johtavista teollisuusmaista.Finnish
67%
Germany, offeecially the Federal Republic o Germany, is a federal pairlamentary republic in central-wastren Europe.Scots
61%
Alemanya un estat de l'Europa central que forma part de la Unió Europea, anomenat oficialment República Federal d'Alemanya.Catalan
56%
Alemaniako Errepublika Federala Europar Batasuneko ipar-erdialdeko estatu burujabe bat da.Basque
44%
Sēo Gebundene Cynewīse Þēodisclandes (and Germanie) (Germanisc: Bundesrepublik Deutschland) is ān þāra woruldlǣdendra lēodarīce.Old English
39%
Almayn (Almaynek: Deutschland) yw repoblek kesunys yn Howlsedhes Europa.Cornish
28%
D'Bundesrepublik Däitschland (oder einfach Däitschland) ass e Staat a MëtteleuropaLuxembourgish
28%
I Federalni Republika Jermaniya (jermanikani chib Bundesrepublik Deutschland) si yek them andi Mashkarutni Evropa.Romani
22%
Düütschland is en Bundsrepubliek, de in’t Zentrum vun Europa liggt un vun de Waterkant (Noord- un Oostsee) to de Alpen, vun 'n Rhien to de Oder reckt.Low Saxon
22%
Nimska (nim. Deutschland), oficielnje Nimska zwězkowa republika (nim. Bundesrepublik Deutschland) jo kraj w srjejźnej Europje.Lower Sorbian
17%
A Germania a l'è unn-a repûbbrica federâ de sezze stati (dîti Bundesländer in tedesco).Ligurian
11%
La Germâgna, ufizialmänt Repóbblica federale GermâgnaEmilian-Romagnol
0%

Score Distribution

Percentile by Number Answered

Percent of People with Each Score

Your Score History

You have not taken this quiz